| 000 | 00789nas a2200265 4500 | ||
|---|---|---|---|
| 001 | BR9206607 | ||
| 003 | BR-BrBNA | ||
| 005 | 20231205092938.0 | ||
| 007 | ta | ||
| 008 | 230509b bl.|||p| |||| 00| 00por d | ||
| 040 |
_aBR-BrBNA _bpor _cBiblioteca Nacional de Agricultura |
||
| 041 | _a(Pt) | ||
| 072 | _aH20 | ||
| 100 | 1 | _aPereira, A.L.G. | |
| 100 | 1 | _aRodrigues Neto, J. | |
| 100 | 1 | _aZagatto, A.G. | |
| 100 | 1 | _aYamashiro, T. | |
| 245 | 1 | _aOcorrencia no estado de Sao Paulo de duas doencas em melao (Cucumis melo L.)de origem bacteriana | |
| 650 | _aMELAO | ||
| 650 | _aDOENCA DE PLANTA | ||
| 650 | _aSAO PAULO | ||
| 773 | 0 |
_tRevista de Olericultura (Brazil) _x _g(1975), (no. 15) p. 240-241 _wBR9206607 |
|
| 909 |
_a202311 _bLúcia _c55 _dLúcia Elande |
||
| 942 |
_2AGRIS _n0 _cANA |
||
| 999 |
_c135290 _d135290 |
||